[Event "AUTO-INT-1956"]
[Site "http://www.queenalice.com/game.php?id=901451"]
[Date "2011.2.16"]
[Round "1"]
[White "QuinhoFogo"]
[Black "Tenista"]
[Result "0-1"]
[WhiteElo "1572"]
[BlackElo "1601"]

1. e4 e5 2. Nf3 d6 3. Bc4 Nc6 4. d3 Nf6 5. Nc3 Bg4 6. h3 Bxf3 7. Qxf3 Nd4 8. Qd1
c6 9. Be3 g6 10. Bg5 Be7 11. Be3 d5 0-1

[Event "AUTO-INT-1956"]
[Site "http://www.queenalice.com/game.php?id=901452"]
[Date "2011.2.16"]
[Round "1"]
[White "Tenista"]
[Black "QuinhoFogo"]
[Result "1-0"]
[WhiteElo "1616"]
[BlackElo "1557"]

1. e4 e5 2. Nf3 Nc6 3. Bb5 Bd6 4. Bxc6 dxc6 5. Nc3 Bg4 6. O-O Qf6 7. d3 Bc5 8.
Bg5 Bxf3 9. Bxf6 Bxd1 10. Bxg7 Be2 11. Nxe2 Bd4 12. Bxh8 1-0

[Event "AUTO-INT-1956"]
[Site "http://www.queenalice.com/game.php?id=901453"]
[Date "2011.2.16"]
[Round "1"]
[White "QuinhoFogo"]
[Black "hmshmshms"]
[Result "0-1"]
[WhiteElo "1467"]
[BlackElo "1533"]

1. e4 e5 2. Nf3 Nc6 3. Bc4 Qe7 4. O-O a6 5. a4 Nf6 6. c3 Nxe4 7. d3 Nd6 8. Bg5
f6 9. Be3 Nxc4 10. dxc4 e4 11. Nd4 Nxd4 12. cxd4 Qb4 13. a5 Qxb2 14. Na3 Bxa3
15. Qh5+ g6 16. Qh6 Bb4 17. Qg7 Rf8 0-1

[Event "AUTO-INT-1956"]
[Site "http://www.queenalice.com/game.php?id=901454"]
[Date "2011.2.16"]
[Round "1"]
[White "hmshmshms"]
[Black "QuinhoFogo"]
[Result "1-0"]
[WhiteElo "1519"]
[BlackElo "1481"]

1. e4 e5 2. Nf3 Nc6 3. Nc3 Nf6 4. Bc4 Bb4 5. Nd5 Nxd5 6. Bxd5 Qf6 7. c3 Bc5 8.
d3 h6 9. d4 exd4 10. cxd4 Bb4+ 11. Bd2 Bxd2+ 12. Qxd2 d6 13. Bxc6+ bxc6 14. Qc1
Bg4 15. Qxc6+ Ke7 16. Qxc7+ Kf8 17. e5 dxe5 18. Nxe5 1-0

[Event "AUTO-INT-1956"]
[Site "http://www.queenalice.com/game.php?id=901455"]
[Date "2011.2.16"]
[Round "1"]
[White "QuinhoFogo"]
[Black "Hoschi"]
[Result "0-1"]
[WhiteElo "1403"]
[BlackElo "1691"]

1. e4 d6 2. d4 g6 3. Bg5 Bg7 4. Bc4 Nf6 5. Nc3 c6 6. e5 dxe5 7. dxe5 Nfd7 8. Qf3
O-O 9. g4 Nxe5 10. Qe3 Nxc4 11. Qd3 Qxd3 0-1

[Event "AUTO-INT-1956"]
[Site "http://www.queenalice.com/game.php?id=901456"]
[Date "2011.2.16"]
[Round "1"]
[White "Hoschi"]
[Black "QuinhoFogo"]
[Result "1-0"]
[WhiteElo "1686"]
[BlackElo "1408"]

1. e4 e5 2. Nf3 Nc6 3. Bc4 h6 4. d3 f6 5. Nc3 Bb4 6. Bd2 Nd4 7. Nxd4 exd4 8. Ne2
Bxd2+ 9. Qxd2 d6 10. Nxd4 Bd7 11. f4 g6 12. Be6 1-0

[Event "AUTO-OPEN-2267"]
[Site "http://www.queenalice.com/game.php?id=901619"]
[Date "2011.2.17"]
[Round "1"]
[White "andrehi"]
[Black "QuinhoFogo"]
[Result "1-0"]
[WhiteElo "1360"]
[BlackElo "1622"]

1. e4 e5 2. Nf3 Nc6 3. Bc4 h6 4. b3 Bc5 5. Bb2 Bd4 6. Bxd4 exd4 7. c3 dxc3 8.
dxc3 d6 9. Qd5 Be6 10. Qb5 Bxc4 11. Qxc4 Qe7 12. O-O Nf6 13. Re1 Ne5 14. Nxe5
dxe5 15. Qb5+ Nd7 16. Qxb7 O-O 17. Qxc7 Qd8 18. Qxd8 1-0

[Event "AUTO-OPEN-2267"]
[Site "http://www.queenalice.com/game.php?id=901620"]
[Date "2011.2.17"]
[Round "1"]
[White "QuinhoFogo"]
[Black "andrehi"]
[Result "0-1"]
[WhiteElo "1596"]
[BlackElo "1386"]

1. e4 e5 2. Bc4 Nf6 3. Nc3 Bc5 4. h3 Nc6 5. d3 d6 6. Bg5 h6 7. Bh4 g5 8. Bg3 Be6
9. Nd5 Nd4 10. Nf3 c6 11. Nxf6+ Qxf6 12. Bxe6 Qxe6 13. c3 Nxf3+ 14. Qxf3 O-O 15.
Qg4 d5 16. exd5 Qxd5 17. b3 Qxd3 18. Bxe5 Rae8 0-1

[Event "AUTO-OPEN-2267"]
[Site "http://www.queenalice.com/game.php?id=901647"]
[Date "2011.2.17"]
[Round "1"]
[White "thotares"]
[Black "QuinhoFogo"]
[Result "1-0"]
[WhiteElo "1910"]
[BlackElo "1387"]

1. e4 e5 2. Nf3 Nc6 3. Bb5 d6 4. d4 Bd7 5. Nc3 exd4 6. Nxd4 a6 7. Ba4 b5 8. Bb3
Qf6 9. Nd5 Qd8 10. O-O Nf6 11. c3 Bg4 12. f3 Be6 13. Bg5 Bxd5 14. Bxd5 Rb8 15.
Bxc6+ Ke7 16. Bxb5 axb5 17. Nc6+ Kd7 18. Nxd8 1-0

[Event "AUTO-OPEN-2267"]
[Site "http://www.queenalice.com/game.php?id=901648"]
[Date "2011.2.17"]
[Round "1"]
[White "QuinhoFogo"]
[Black "thotares"]
[Result "0-1"]
[WhiteElo "1385"]
[BlackElo "1912"]

1. e4 e5 2. Nf3 Nc6 3. Bc4 Nf6 4. d3 d6 5. Bg5 Be7 6. h3 h6 7. Bxf6 Bxf6 8. Nc3
g6 9. Qd2 Bg7 10. g4 Be6 11. Bxe6 fxe6 12. h4 Rf8 13. Rh3 Qe7 14. g5 h5 15. a4
O-O-O 16. O-O-O Rf7 17. Nb5 Rdf8 18. a5 Rxf3 0-1

[Event "AUTO-OPEN-2267"]
[Site "http://www.queenalice.com/game.php?id=901667"]
[Date "2011.2.17"]
[Round "1"]
[White "QuinhoFogo"]
[Black "Rafale2000"]
[Result "0-1"]
[WhiteElo "1654"]
[BlackElo "2107"]

1. e4 c5 2. Bc4 a6 3. a4 Nc6 4. Qf3 e6 5. Qf4 d5 6. exd5 Nd4 7. c3 Nc2+ 8. Kd1
Nxa1 9. Nf3 b5 10. Ba2 Bd6 11. Qg4 Qf6 12. d3 Nh6 13. Qg5 Qxg5 14. Bxg5 Ng4 15.
Re1 f6 16. Bh4 e5 0-1

[Event "AUTO-OPEN-2267"]
[Site "http://www.queenalice.com/game.php?id=901668"]
[Date "2011.2.17"]
[Round "1"]
[White "Rafale2000"]
[Black "QuinhoFogo"]
[Result "1-0"]
[WhiteElo "2108"]
[BlackElo "1652"]

1. f4 d5 2. b3 Bf5 3. Bb2 Nf6 4. Nf3 Nc6 5. e3 Bg4 6. Be2 e6 7. O-O Bxf3 8. Bxf3
Bd6 9. d3 Qe7 10. Nc3 a6 11. Ne2 e5 12. fxe5 Bxe5 13. d4 Bd6 14. Qd2 Ne4 15.
Bxe4 dxe4 16. c4 Bb4 17. Bc3 1-0

[Event "AUTO-OPEN-2081"]
[Site "http://www.queenalice.com/game.php?id=904108"]
[Date "2011.2.22"]
[Round "2"]
[White "fabianno"]
[Black "QuinhoFogo"]
[Result "1-0"]
[WhiteElo "2164"]
[BlackElo "1483"]

1. Nf3 d5 2. d4 Nc6 3. Bf4 Bf5 4. c3 Nf6 5. Nbd2 e6 6. e3 Bd6 7. Bxd6 Qxd6 8.
Nh4 O-O-O 9. Nxf5 exf5 10. Bd3 Ne4 11. f3 Ng3 12. hxg3 Qxg3+ 13. Kf1 g6 14. Rh3
1-0

[Event "AUTO-OPEN-2081"]
[Site "http://www.queenalice.com/game.php?id=904109"]
[Date "2011.2.22"]
[Round "2"]
[White "QuinhoFogo"]
[Black "fabianno"]
[Result "0-1"]
[WhiteElo "1485"]
[BlackElo "2163"]

1. e4 c5 2. c4 Nc6 3. a3 d6 4. Nc3 g6 5. d3 Bg7 6. Nf3 Nf6 7. Bf4 Qa5 8. Be2 Nd4
9. Nxd4 cxd4 10. b4 Qd8 11. Nd5 O-O 12. Bg5 Nxd5 0-1